| 000 | 00487nam a2200169Ia 4500 | ||
|---|---|---|---|
| 999 |
_c21688 _d21688 |
||
| 003 | OSt | ||
| 005 | 20200630104713.0 | ||
| 008 | 190216s9999||||xx |||||||||||||| ||und|| | ||
| 020 | _a9789350741207 | ||
| 040 | _coclc | ||
| 082 |
_a934 _bBAN/P |
||
| 100 |
_aBanerji, R D _93339 |
||
| 245 | 0 |
_aPrehistoric Ancient And Hindu India / _cR D Banerji |
|
| 260 |
_bAbhijeet Publications, _c2015. _aNew Delhi: |
||
| 300 | _a343p | ||
| 942 |
_cBK _2ddc _h934 _iBAN/P _k934 _mBAN/P |
||